| Tag |
First Indicator |
Second Indicator |
Subfields |
| LEADER |
00000cam a2200000 a 4500 |
| 001 |
in00001069444 |
| 005 |
20150929095717.0 |
| 008 |
881014s1988 txu s00010 eng d |
| 035 |
|
|
|a (OCoLC)18610768
|
| 035 |
|
|
|9 AFN6196AM
|
| 040 |
|
|
|a IKM
|c IKM
|d UtOrBLW
|
| 049 |
|
|
|a IKMd
|
| 086 |
|
|
|a L1900.8 Su76 1986/7
|2 txdocs
|
| 099 |
|
9 |
|a L1900.8
|a Su76
|a 1986/7
|
| 245 |
0 |
0 |
|a Supreme Court of Texas :
|b indexes to dockets on microfiche, 1986-87 /
|c [compiled by Charlott Low].
|
| 264 |
|
1 |
|a [Austin] :
|b Texas State Publications Clearinghouse, Texas State Library,
|c [1988]
|
| 300 |
|
|
|a 80 pages ;
|c 28 cm.
|
| 336 |
|
|
|a text
|b txt
|2 rdacontent
|
| 337 |
|
|
|a unmediated
|b n
|2 rdamedia
|
| 338 |
|
|
|a volume
|b nc
|2 rdacarrier
|
| 610 |
1 |
0 |
|a Texas.
|b Supreme Court.
|
| 650 |
|
0 |
|a Law
|z Texas
|x Cases
|x Indexes.
|
| 650 |
|
0 |
|a Court calendars
|z Texas
|x Indexes.
|
| 650 |
|
0 |
|a Law reports, digests, etc.
|z Texas
|x Indexes.
|
| 700 |
1 |
|
|a Low, Charlott,
|d 1952-
|
| 710 |
2 |
|
|a Texas State Publications Clearinghouse.
|
| 999 |
|
|
|a MARS
|
| 999 |
f |
f |
|s 2b5ce648-fbc8-359a-8449-c1137600fe76
|i e42b4ffe-d72a-3535-8be5-6037501ed0c0
|t 0
|
| 952 |
f |
f |
|p normal
|a Texas A&M University
|b College Station
|c Sterling C. Evans Library
|d Evans: Texas Documents (Annex 5th floor)
|t 0
|e L1900.8 Su76 1986/7
|h Other scheme
|i unmediated -- volume
|m A14815246456
|
| 998 |
f |
f |
|a L1900.8 Su76 1986/7
|t 0
|l Evans: Texas Documents (Annex 5th floor)
|